Súhrnná produktivita výrobných faktorov a využívanie kapacít v Európskej únii

Vývoj súhrnnej produktivity výrobných faktorov (TFP) v krajinách EÚ počas fáz ekonomického cyklu. Závislosť volatility tempa rastu TFP od spôsobu kvantifikácie miery využívania kapacít. Prístup založený na množstve odpracovaných hodín. Prístup založený na dotazníkovom prieskume Eurostatu. Prístup z...

Full description

Saved in:
Bibliographic Details
Main Author: Dujava, Daniel
Format: Book Chapter
Language:Slovak
Subjects:
Tags: Add Tag
No Tags, Be the first to tag this record!

MARC

LEADER 00000nla a2200000 4500
001 0240468
005 20240712105836.2
041 0 |a slo 
044 |a SK 
245 1 0 |a Súhrnná produktivita výrobných faktorov a využívanie kapacít v Európskej únii  |c Daniel Dujava 
520 |a Vývoj súhrnnej produktivity výrobných faktorov (TFP) v krajinách EÚ počas fáz ekonomického cyklu. Závislosť volatility tempa rastu TFP od spôsobu kvantifikácie miery využívania kapacít. Prístup založený na množstve odpracovaných hodín. Prístup založený na dotazníkovom prieskume Eurostatu. Prístup založený na upravených výsledkoch dotazníkového prieskumu. 
610 2 0 |a faktory výrobné 
610 2 0 |a produktivita 
610 2 0 |a priemysel spracovateľský 
610 2 0 |a rast hospodársky 
610 2 0 |a Európska únia 
100 1 |a Dujava, Daniel